[Event "DVM U20 2021"]
[Site "Kiel GER"]
[Date "2022.07.24"]
[Round "4"]
[White "Kulkovets, Roman"]
[Black "Prieb, Robert"]
[Result "1/2-1/2"]
[Termination "normal"]
[Board "3.4"]
[BlackTitle "CM"]
[WhiteElo "1374"]
[BlackElo "2111"]
[WhiteClock "00:54:08"]
[BlackClock "00:07:41"]
[WhiteTeam "Heilbronner SV"]
[BlackTeam "Schachgesellschaft Bochum 1931"]
[PlyCount "139"]
[WhiteFideId "34119272"]
[BlackFideId "16212002"]
[EventCountry "GER"]
[EventRounds "7"]
[EventType "team-swiss"]
[EventDate "2022.07.22"]

1. e4 {[%clk 01:30:57]} {[%emt 00:00:04]} c5 {[%clk 01:30:51]} {[%emt
00:00:07]} 2. Nf3 {[%clk 01:31:23]} {[%emt 00:00:05]} d6 {[%clk 01:31:09]}
{[%emt 00:00:11]} 3. d4 {[%clk 01:31:50]} {[%emt 00:00:06]} cxd4 {[%clk
01:31:31]} {[%emt 00:00:06]} 4. Nxd4 {[%clk 01:32:12]} {[%emt 00:00:07]} Nf6
{[%clk 01:31:46]} {[%emt 00:00:15]} 5. Nc3 {[%clk 01:32:32]} {[%emt 00:00:11]}
a6 {[%clk 01:32:02]} {[%emt 00:00:14]} 6. g3 {[%clk 01:32:51]} {[%emt
00:00:12]} e5 {[%clk 01:31:51]} {[%emt 00:00:40]} 7. Nf5 {[%clk 01:33:14]}
{[%emt 00:00:07]} d5 {[%clk 01:30:03]} {[%emt 00:02:19]} 8. Bg5 {[%clk
01:33:34]} {[%emt 00:00:09]} d4 {[%clk 01:28:19]} {[%emt 00:02:14]} 9. Ne2
{[%clk 01:33:46]} {[%emt 00:00:17]} Qa5+ {[%clk 01:22:11]} {[%emt 00:06:39]}
10. Bd2 {[%clk 01:33:39]} {[%emt 00:00:36]} Qb6 {[%clk 01:22:16]} {[%emt
00:00:26]} 11. Bg2 {[%clk 01:33:41]} {[%emt 00:00:29]} g6 {[%clk 01:15:20]}
{[%emt 00:07:25]} 12. Nh4 {[%clk 01:31:55]} {[%emt 00:02:16]} Nbd7 {[%clk
01:15:20]} {[%emt 00:00:29]} 13. c3 {[%clk 01:22:15]} {[%emt 00:10:11]} Nc5
{[%clk 01:02:31]} {[%emt 00:13:19]} 14. cxd4 {[%clk 01:22:32]} {[%emt
00:00:13]} exd4 {[%clk 01:02:16]} {[%emt 00:00:44]} 15. O-O {[%clk 01:22:41]}
{[%emt 00:00:21]} Ncxe4 {[%clk 01:01:25]} {[%emt 00:01:22]} 16. Re1 {[%clk
01:21:42]} {[%emt 00:01:29]} Be6 {[%clk 00:54:32]} {[%emt 00:07:23]} 17. Qa4+
{[%clk 01:19:55]} {[%emt 00:02:16]} Qb5 {[%clk 00:52:17]} {[%emt 00:02:45]} 18.
Qxb5+ {[%clk 00:57:52]} {[%emt 00:22:34]} axb5 {[%clk 00:52:33]} {[%emt
00:00:13]} 19. Nxd4 {[%clk 00:58:08]} {[%emt 00:00:15]} Nxd2 {[%clk 00:40:18]}
{[%emt 00:12:44]} 20. Bxb7 {[%clk 00:58:29]} {[%emt 00:00:10]} Rd8 {[%clk
00:40:22]} {[%emt 00:00:26]} 21. Bc6+ {[%clk 00:58:53]} {[%emt 00:00:06]} Nd7
{[%clk 00:40:28]} {[%emt 00:00:23]} 22. Rad1 {[%clk 00:58:14]} {[%emt
00:01:09]} Bh6 {[%clk 00:39:02]} {[%emt 00:01:57]} 23. b3 {[%clk 00:53:59]}
{[%emt 00:04:45]} O-O {[%clk 00:36:06]} {[%emt 00:03:25]} 24. f4 {[%clk
00:54:09]} {[%emt 00:00:20]} Nb8 {[%clk 00:35:31]} {[%emt 00:01:05]} 25. Nxe6
{[%clk 00:53:15]} {[%emt 00:01:25]} Nxc6 {[%clk 00:34:43]} {[%emt 00:01:18]}
26. Nxd8 {[%clk 00:53:07]} {[%emt 00:00:38]} Rxd8 {[%clk 00:35:03]} {[%emt
00:00:09]} 27. Kh1 {[%clk 00:53:24]} {[%emt 00:00:14]} Bf8 {[%clk 00:34:29]}
{[%emt 00:01:03]} 28. Re2 {[%clk 00:53:44]} {[%emt 00:00:12]} Bb4 {[%clk
00:34:39]} {[%emt 00:00:19]} 29. a3 {[%clk 00:54:06]} {[%emt 00:00:07]} Bc3
{[%clk 00:34:03]} {[%emt 00:01:06]} 30. Re3 {[%clk 00:52:28]} {[%emt 00:02:08]}
Bd4 {[%clk 00:33:29]} {[%emt 00:01:05]} 31. Rd3 {[%clk 00:52:40]} {[%emt
00:00:18]} Ne4 {[%clk 00:33:29]} {[%emt 00:00:30]} 32. Kg2 {[%clk 00:52:30]}
{[%emt 00:00:40]} Nc5 {[%clk 00:32:23]} {[%emt 00:01:36]} 33. Rf3 {[%clk
00:52:31]} {[%emt 00:00:28]} Re8 {[%clk 00:30:36]} {[%emt 00:02:18]} 34. b4
{[%clk 00:52:06]} {[%emt 00:00:55]} Na4 {[%clk 00:29:05]} {[%emt 00:02:00]} 35.
Rfd3 {[%clk 00:52:10]} {[%emt 00:00:26]} Re4 {[%clk 00:25:52]} {[%emt
00:03:43]} 36. Nf3 {[%clk 00:51:38]} {[%emt 00:01:03]} Bb2 {[%clk 00:23:26]}
{[%emt 00:02:55]} 37. R1d2 {[%clk 00:49:37]} {[%emt 00:02:32]} Kg7 {[%clk
00:22:18]} {[%emt 00:01:38]} 38. Ng5 {[%clk 00:47:16]} {[%emt 00:02:50]} Re7
{[%clk 00:20:39]} {[%emt 00:02:10]} 39. Rd6 {[%clk 00:46:12]} {[%emt 00:01:32]}
Na7 {[%clk 00:15:32]} {[%emt 00:05:38]} 40. Rd7 {[%clk 00:46:11]} {[%emt
00:00:32]} Nc8 {[%clk 00:15:29]} {[%emt 00:00:32]} 41. Rxe7 {[%clk 00:45:41]}
{[%emt 00:01:00]} Nxe7 {[%clk 00:15:50]} {[%emt 00:00:08]} 42. Rd7 {[%clk
00:46:05]} {[%emt 00:00:06]} Bf6 {[%clk 00:15:34]} {[%emt 00:00:47]} 43. Ne4
{[%clk 00:42:06]} {[%emt 00:04:30]} Nf5 {[%clk 00:14:28]} {[%emt 00:01:35]} 44.
Nxf6 {[%clk 00:41:46]} {[%emt 00:00:49]} Kxf6 {[%clk 00:14:50]} {[%emt
00:00:10]} 45. g4 {[%clk 00:41:53]} {[%emt 00:00:22]} Ke6 {[%clk 00:13:29]}
{[%emt 00:01:50]} 46. Rd3 {[%clk 00:40:50]} {[%emt 00:01:34]} Nd6 {[%clk
00:13:09]} {[%emt 00:00:50]} 47. Kf3 {[%clk 00:40:57]} {[%emt 00:00:23]} Nb2
{[%clk 00:12:22]} {[%emt 00:01:17]} 48. Rd2 {[%clk 00:40:47]} {[%emt 00:00:41]}
Ndc4 {[%clk 00:11:21]} {[%emt 00:01:30]} 49. f5+ {[%clk 00:41:10]} {[%emt
00:00:08]} gxf5 {[%clk 00:10:51]} {[%emt 00:00:59]} 50. gxf5+ {[%clk 00:41:35]}
{[%emt 00:00:05]} Kf6 {[%clk 00:10:51]} {[%emt 00:00:30]} 51. Rd5 {[%clk
00:40:22]} {[%emt 00:01:43]} Nxa3 {[%clk 00:10:22]} {[%emt 00:00:59]} 52. Kf4
{[%clk 00:40:17]} {[%emt 00:00:36]} Nbc4 {[%clk 00:09:32]} {[%emt 00:01:19]}
53. h3 {[%clk 00:39:57]} {[%emt 00:00:51]} h6 {[%clk 00:08:22]} {[%emt
00:01:39]} 54. Rc5 {[%clk 00:38:18]} {[%emt 00:02:09]} Nd6 {[%clk 00:07:38]}
{[%emt 00:01:14]} 55. h4 {[%clk 00:34:50]} {[%emt 00:04:00]} Nac4 {[%clk
00:06:57]} {[%emt 00:01:09]} 56. Rd5 {[%clk 00:34:59]} {[%emt 00:00:22]} Ke7
{[%clk 00:06:21]} {[%emt 00:01:05]} 57. Rc5 {[%clk 00:35:01]} {[%emt 00:00:28]}
Nb6 {[%clk 00:02:19]} {[%emt 00:04:32]} 58. Rc7+ {[%clk 00:32:14]} {[%emt
00:03:18]} Kd8 {[%clk 00:27:52]} {[%emt 00:04:56]} 59. Ra7 {[%clk 01:01:04]}
{[%emt 00:01:39]} f6 {[%clk 00:24:03]} {[%emt 00:04:19]} 60. Kg4 {[%clk
00:59:26]} {[%emt 00:02:09]} Nd5 {[%clk 00:22:44]} {[%emt 00:01:49]} 61. Kh5
{[%clk 00:58:54]} {[%emt 00:01:02]} Nxf5 {[%clk 00:19:06]} {[%emt 00:04:08]}
62. Kg6 {[%clk 00:58:55]} {[%emt 00:00:30]} Nxh4+ {[%clk 00:18:24]} {[%emt
00:01:11]} 63. Kxh6 {[%clk 00:59:19]} {[%emt 00:00:06]} Nf5+ {[%clk 00:18:15]}
{[%emt 00:00:39]} 64. Kg6 {[%clk 00:59:37]} {[%emt 00:00:13]} Nd6 {[%clk
00:18:22]} {[%emt 00:00:22]} 65. Rh7 {[%clk 00:55:35]} {[%emt 00:04:32]} f5
{[%clk 00:17:20]} {[%emt 00:01:32]} 66. Kg5 {[%clk 00:54:27]} {[%emt 00:01:39]}
Kc8 {[%clk 00:12:15]} {[%emt 00:05:34]} 67. Ra7 {[%clk 00:53:15]} {[%emt
00:01:41]} Nxb4 {[%clk 00:09:29]} {[%emt 00:03:17]} 68. Ra5 {[%clk 00:53:25]}
{[%emt 00:00:20]} Nc6 {[%clk 00:07:18]} {[%emt 00:02:40]} 69. Rxb5 {[%clk
00:53:43]} {[%emt 00:00:13]} Nxb5 {[%clk 00:07:41]} {[%emt 00:00:06]} 70. Kxf5
{[%clk 00:54:08]} {[%emt 00:00:05]} 1/2-1/2

[Event "DVM U20 2021"]
[Site "Kiel GER"]
[Date "2022.07.24"]
[Round "4"]
[White "Stahl, Johannes"]
[Black "Klugstedt, Vincent"]
[Result "0-1"]
[Termination "normal"]
[Board "3.6"]
[WhiteElo "1630"]
[BlackElo "1877"]
[WhiteClock "00:46:10"]
[BlackClock "00:19:12"]
[WhiteTeam "Heilbronner SV"]
[BlackTeam "Schachgesellschaft Bochum 1931"]
[PlyCount "79"]
[WhiteFideId "34620109"]
[BlackFideId "16216393"]
[EventCountry "GER"]
[EventRounds "7"]
[EventType "team-swiss"]
[EventDate "2022.07.22"]

1. Nf3 {[%clk 01:30:59]} d5 {[%clk 01:30:24]} {[%emt 00:00:36]} 2. g3 {[%clk
01:31:25]} {[%emt 00:00:05]} c5 {[%clk 01:30:30]} {[%emt 00:00:23]} 3. Bg2
{[%clk 01:31:48]} {[%emt 00:00:07]} Nc6 {[%clk 01:30:48]} {[%emt 00:00:11]} 4.
d4 {[%clk 01:32:06]} {[%emt 00:00:13]} cxd4 {[%clk 01:28:51]} {[%emt 00:02:27]}
5. Nxd4 {[%clk 01:32:24]} {[%emt 00:00:12]} e5 {[%clk 01:28:46]} {[%emt
00:00:36]} 6. Nxc6 {[%clk 01:32:44]} {[%emt 00:00:09]} bxc6 {[%clk 01:29:06]}
{[%emt 00:00:10]} 7. c4 {[%clk 01:33:12]} {[%emt 00:00:02]} Be6 {[%clk
01:29:09]} {[%emt 00:00:27]} 8. Qa4 {[%clk 01:33:01]} {[%emt 00:00:41]} Qd7
{[%clk 01:27:29]} {[%emt 00:02:09]} 9. Nc3 {[%clk 01:32:58]} {[%emt 00:00:34]}
Ne7 {[%clk 01:26:44]} {[%emt 00:01:15]} 10. O-O {[%clk 01:31:24]} {[%emt
00:02:05]} Rc8 {[%clk 01:06:43]} {[%emt 00:20:30]} 11. Rd1 {[%clk 01:29:16]}
{[%emt 00:02:38]} d4 {[%clk 01:05:40]} {[%emt 00:01:34]} 12. e3 {[%clk
01:25:47]} {[%emt 00:03:57]} Ng6 {[%clk 01:03:23]} {[%emt 00:02:48]} 13. exd4
{[%clk 01:19:21]} {[%emt 00:06:56]} exd4 {[%clk 01:03:27]} {[%emt 00:00:25]}
14. Ne4 {[%clk 01:18:12]} {[%emt 00:01:40]} Be7 {[%clk 01:02:58]} {[%emt
00:00:58]} 15. b4 {[%clk 01:14:48]} {[%emt 00:03:54]} Bxc4 {[%clk 00:58:56]}
{[%emt 00:04:32]} 16. Bb2 {[%clk 01:14:09]} {[%emt 00:01:10]} O-O {[%clk
00:53:44]} {[%emt 00:05:43]} 17. Bxd4 {[%clk 01:08:55]} {[%emt 00:05:44]} Qf5
{[%clk 00:44:58]} {[%emt 00:09:15]} 18. Bc5 {[%clk 01:05:45]} {[%emt 00:03:39]}
Bb5 {[%clk 00:38:16]} {[%emt 00:07:13]} 19. Qb3 {[%clk 01:04:02]} {[%emt
00:02:13]} Bxc5 {[%clk 00:37:29]} {[%emt 00:01:17]} 20. bxc5 {[%clk 01:01:46]}
{[%emt 00:02:46]} Rb8 {[%clk 00:36:41]} {[%emt 00:01:18]} 21. Qc3 {[%clk
01:00:52]} {[%emt 00:01:23]} Ne5 {[%clk 00:32:24]} {[%emt 00:04:47]} 22. Nd6
{[%clk 00:58:44]} {[%emt 00:02:39]} Qf6 {[%clk 00:32:14]} {[%emt 00:00:40]} 23.
a4 {[%clk 00:55:54]} {[%emt 00:03:20]} Be2 {[%clk 00:31:32]} {[%emt 00:01:12]}
24. Ne4 {[%clk 00:51:25]} {[%emt 00:04:58]} Nf3+ {[%clk 00:28:30]} {[%emt
00:03:34]} 25. Bxf3 {[%clk 00:49:00]} {[%emt 00:02:55]} Qxf3 {[%clk 00:27:58]}
{[%emt 00:01:01]} 26. Qxf3 {[%clk 00:49:10]} {[%emt 00:00:19]} Bxf3 {[%clk
00:28:20]} {[%emt 00:00:09]} 27. Re1 {[%clk 00:48:42]} {[%emt 00:00:58]} Rb4
{[%clk 00:27:53]} {[%emt 00:00:56]} 28. Nd6 {[%clk 00:48:27]} {[%emt 00:00:45]}
Rfb8 {[%clk 00:26:21]} {[%emt 00:02:02]} 29. h3 {[%clk 00:47:58]} {[%emt
00:00:59]} g6 {[%emt 00:00:27]} 30. g4 {[%clk 00:48:10]} {[%emt 00:00:17]} h5
{[%clk 00:26:01]} {[%emt 00:00:55]} 31. g5 {[%clk 00:46:15]} {[%emt 00:02:25]}
h4 {[%clk 00:23:49]} {[%emt 00:02:42]} 32. Re8+ {[%clk 00:45:16]} {[%emt
00:01:28]} Rxe8 {[%clk 00:23:55]} {[%emt 00:00:24]} 33. Nxe8 {[%clk 00:45:45]}
{[%emt 00:00:02]} Rc4 {[%clk 00:20:17]} {[%emt 00:04:08]} 34. Re1 {[%clk
00:45:22]} {[%emt 00:00:51]} Rxc5 {[%clk 00:20:14]} {[%emt 00:00:34]} 35. Nf6+
{[%clk 00:45:33]} {[%emt 00:00:19]} Kg7 {[%clk 00:20:21]} {[%emt 00:00:23]} 36.
Ne8+ {[%clk 00:45:42]} {[%emt 00:00:23]} Kf8 {[%clk 00:20:37]} {[%emt
00:00:13]} 37. Nf6 {[%clk 00:45:43]} {[%emt 00:00:28]} Rxg5+ {[%clk 00:20:46]}
{[%emt 00:00:22]} 38. Kf1 {[%clk 00:45:45]} {[%emt 00:00:28]} Bg2+ {[%clk
00:20:41]} {[%emt 00:00:35]} 39. Kg1 {[%clk 00:45:57]} {[%emt 00:00:19]} Bd5+
{[%clk 00:19:12]} {[%emt 00:01:57]} 40. Kf1 {[%clk 00:46:10]} {[%emt 00:00:17]}
0-1

[Event "DVM U20 2021"]
[Site "Kiel GER"]
[Date "2022.07.24"]
[Round "4"]
[White "Eurich, Jannik"]
[Black "Mooser, Nicolas"]
[Result "1-0"]
[Termination "normal"]
[Board "4.1"]
[WhiteElo "1957"]
[BlackElo "2025"]
[WhiteClock "00:57:18"]
[BlackClock "00:17:39"]
[WhiteTeam "SK Langen"]
[BlackTeam "FC Ergolding 1932 e.V."]
[PlyCount "51"]
[WhiteFideId "16265459"]
[BlackFideId "12979406"]
[EventCountry "GER"]
[EventRounds "7"]
[EventType "team-swiss"]
[EventDate "2022.07.22"]

1. e4 {[%clk 01:30:57]} {[%emt 00:00:03]} c5 {[%clk 01:30:54]} {[%emt
00:00:07]} 2. Nf3 {[%clk 01:31:22]} {[%emt 00:00:04]} e6 {[%clk 01:31:20]}
{[%emt 00:00:04]} 3. d4 {[%clk 01:31:48]} {[%emt 00:00:04]} cxd4 {[%clk
01:31:46]} {[%emt 00:00:04]} 4. Nxd4 {[%clk 01:32:13]} {[%emt 00:00:05]} Nc6
{[%clk 01:32:09]} {[%emt 00:00:07]} 5. Nc3 {[%clk 01:32:31]} {[%emt 00:00:12]}
Qc7 {[%clk 01:32:32]} {[%emt 00:00:07]} 6. Be3 {[%clk 01:32:51]} {[%emt
00:00:10]} a6 {[%clk 01:32:52]} {[%emt 00:00:11]} 7. Qf3 {[%clk 01:33:12]}
{[%emt 00:00:08]} Bd6 {[%clk 01:31:37]} {[%emt 00:01:45]} 8. O-O-O {[%clk
01:31:13]} {[%emt 00:02:29]} Be5 {[%clk 01:28:30]} {[%emt 00:03:37]} 9. g3
{[%clk 01:30:05]} {[%emt 00:01:39]} Nge7 {[%clk 01:27:42]} {[%emt 00:01:18]}
10. Qe2 {[%clk 01:29:46]} {[%emt 00:00:48]} Rb8 {[%clk 01:27:20]} {[%emt
00:00:53]} 11. f4 {[%clk 01:29:22]} {[%emt 00:00:53]} Bxd4 {[%clk 01:27:43]}
{[%emt 00:00:07]} 12. Bxd4 {[%clk 01:29:51]} {[%emt 00:00:02]} Nxd4 {[%clk
01:28:03]} {[%emt 00:00:10]} 13. Rxd4 {[%clk 01:30:14]} {[%emt 00:00:06]} b5
{[%clk 01:28:28]} {[%emt 00:00:05]} 14. e5 {[%clk 01:30:07]} {[%emt 00:00:38]}
Bb7 {[%clk 01:28:28]} {[%emt 00:00:30]} 15. Bg2 {[%clk 01:30:27]} {[%emt
00:00:09]} Bxg2 {[%clk 01:28:02]} {[%emt 00:00:56]} 16. Qxg2 {[%clk 01:30:53]}
{[%emt 00:00:04]} b4 {[%clk 01:22:54]} {[%emt 00:05:38]} 17. Ne4 {[%clk
01:30:57]} {[%emt 00:00:26]} O-O {[%clk 01:23:01]} {[%emt 00:00:23]} 18. Nd6
{[%clk 01:29:07]} {[%emt 00:02:20]} Nd5 {[%clk 01:17:27]} {[%emt 00:06:05]} 19.
Qe4 {[%clk 01:28:09]} {[%emt 00:01:28]} a5 {[%clk 00:42:21]} {[%emt 00:35:35]}
20. f5 {[%clk 01:21:02]} {[%emt 00:07:38]} h6 {[%clk 00:23:00]} {[%emt
00:19:51]} 21. f6 {[%clk 00:59:47]} {[%emt 00:21:46]} g6 {[%clk 00:19:14]}
{[%emt 00:04:15]} 22. Qh4 {[%clk 00:57:21]} {[%emt 00:02:56]} Kh7 {[%clk
00:19:17]} {[%emt 00:00:27]} 23. Rf1 {[%clk 00:56:34]} {[%emt 00:01:17]} Ne3
{[%clk 00:18:01]} {[%emt 00:01:45]} 24. Qxh6+ {[%clk 00:56:49]} {[%emt
00:00:15]} Kxh6 {[%clk 00:17:31]} {[%emt 00:01:00]} 25. Rh4+ {[%clk 00:57:18]}
{[%emt 00:00:01]} Kg5 {[%clk 00:17:39]} {[%emt 00:00:22]} 26. Ne4# {[%emt
00:00:03]} 1-0

[Event "DVM U20 2021"]
[Site "Kiel GER"]
[Date "2022.07.24"]
[Round "4"]
[White "Lohr, Maximilian"]
[Black "Renk, Jonas"]
[Result "1-0"]
[Termination "normal"]
[Board "4.2"]
[WhiteElo "2092"]
[BlackElo "1897"]
[WhiteClock "00:26:44"]
[BlackClock "00:37:15"]
[WhiteTeam "FC Ergolding 1932 e.V."]
[BlackTeam "SK Langen"]
[PlyCount "55"]
[WhiteFideId "12999717"]
[BlackFideId "16209460"]
[EventCountry "GER"]
[EventRounds "7"]
[EventType "team-swiss"]
[EventDate "2022.07.22"]

1. d4 {[%clk 01:30:57]} {[%emt 00:00:01]} Nf6 {[%clk 01:30:48]} {[%emt
00:00:12]} 2. Nc3 {[%clk 01:31:22]} {[%emt 00:00:07]} g6 {[%clk 01:31:06]}
{[%emt 00:00:10]} 3. e4 {[%clk 01:31:43]} {[%emt 00:00:11]} d6 {[%clk
01:31:13]} {[%emt 00:00:21]} 4. Bf4 {[%clk 01:31:09]} {[%emt 00:01:04]} Bg7
{[%clk 01:30:08]} {[%emt 00:01:35]} 5. Qd2 {[%clk 01:31:32]} {[%emt 00:00:06]}
O-O {[%clk 01:29:23]} {[%emt 00:01:14]} 6. O-O-O {[%clk 01:31:58]} {[%emt
00:00:05]} Re8 {[%clk 01:27:46]} {[%emt 00:02:07]} 7. h4 {[%clk 01:32:02]}
{[%emt 00:00:27]} h5 {[%clk 01:25:52]} {[%emt 00:02:23]} 8. f3 {[%clk
01:31:03]} {[%emt 00:01:30]} Nc6 {[%clk 01:22:05]} {[%emt 00:04:16]} 9. Bh6
{[%clk 01:22:28]} {[%emt 00:09:05]} Bh8 {[%clk 01:21:14]} {[%emt 00:01:20]} 10.
g4 {[%clk 01:21:11]} {[%emt 00:01:49]} e5 {[%clk 01:18:14]} {[%emt 00:03:29]}
11. d5 {[%clk 01:20:46]} {[%emt 00:00:56]} Ne7 {[%clk 01:17:14]} {[%emt
00:01:29]} 12. Bh3 {[%clk 01:12:12]} {[%emt 00:09:04]} Bd7 {[%clk 01:09:30]}
{[%emt 00:08:15]} 13. Nge2 {[%clk 01:12:19]} {[%emt 00:00:22]} Qc8 {[%clk
01:08:40]} {[%emt 00:01:20]} 14. Rdg1 {[%clk 01:10:17]} {[%emt 00:02:33]} b5
{[%clk 01:02:54]} {[%emt 00:06:15]} 15. Ng3 {[%clk 01:08:32]} {[%emt 00:02:16]}
b4 {[%clk 01:00:13]} {[%emt 00:03:10]} 16. Nd1 {[%clk 01:08:39]} {[%emt
00:00:22]} c6 {[%clk 00:58:45]} {[%emt 00:02:00]} 17. Nf2 {[%clk 00:47:58]}
{[%emt 00:21:10]} Kh7 {[%clk 00:53:59]} {[%emt 00:05:16]} 18. gxh5 {[%clk
00:47:01]} {[%emt 00:01:28]} gxh5 {[%clk 00:53:43]} {[%emt 00:00:46]} 19. dxc6
{[%clk 00:42:48]} {[%emt 00:04:42]} Qxc6 {[%clk 00:52:01]} {[%emt 00:02:12]}
20. Bxd7 {[%clk 00:41:02]} {[%emt 00:02:16]} Qxd7 {[%clk 00:52:02]} {[%emt
00:00:29]} 21. Nh3 {[%clk 00:41:17]} {[%emt 00:00:16]} Ng6 {[%clk 00:49:55]}
{[%emt 00:02:37]} 22. Qg5 {[%clk 00:36:35]} {[%emt 00:05:12]} Rac8 {[%clk
00:45:53]} {[%emt 00:04:31]} 23. Nxh5 {[%clk 00:32:47]} {[%emt 00:04:18]} Qa4
{[%clk 00:43:18]} {[%emt 00:03:05]} 24. Rh2 {[%clk 00:30:23]} {[%emt 00:02:54]}
Qxa2 {[%clk 00:42:04]} {[%emt 00:01:44]} 25. Nxf6+ {[%clk 00:28:13]} {[%emt
00:02:40]} Bxf6 {[%clk 00:42:24]} {[%emt 00:00:10]} 26. Qxf6 {[%clk 00:28:40]}
{[%emt 00:00:04]} Kxh6 {[%clk 00:40:14]} {[%emt 00:02:38]} 27. h5 {[%clk
00:26:44]} {[%emt 00:02:28]} b3 {[%clk 00:37:15]} {[%emt 00:03:28]} 28. Rxg6+
{[%emt 00:00:30]} 1-0

[Event "DVM U20 2021"]
[Site "Kiel GER"]
[Date "2022.07.24"]
[Round "4"]
[White "Buchholz, Maja"]
[Black "Lichtmannecker, Daniel"]
[Result "0-1"]
[Termination "normal"]
[Board "4.3"]
[WhiteElo "1879"]
[BlackElo "2013"]
[WhiteClock "00:42:11"]
[BlackClock "00:07:50"]
[WhiteTeam "SK Langen"]
[BlackTeam "FC Ergolding 1932 e.V."]
[PlyCount "82"]
[WhiteFideId "16200500"]
[BlackFideId "12979414"]
[EventCountry "GER"]
[EventRounds "7"]
[EventType "team-swiss"]
[EventDate "2022.07.22"]

1. c4 {[%clk 01:30:58]} {[%emt 00:00:02]} e5 {[%clk 01:30:42]} {[%emt
00:00:19]} 2. g3 {[%clk 01:31:22]} {[%emt 00:00:05]} c6 {[%clk 01:31:07]}
{[%emt 00:00:06]} 3. Bg2 {[%clk 01:31:44]} {[%emt 00:00:07]} d5 {[%clk
01:31:33]} {[%emt 00:00:05]} 4. cxd5 {[%clk 01:31:14]} {[%emt 00:01:00]} cxd5
{[%clk 01:31:57]} {[%emt 00:00:07]} 5. Nf3 {[%clk 01:31:15]} {[%emt 00:00:28]}
Nc6 {[%clk 01:32:08]} {[%emt 00:00:19]} 6. Qa4 {[%clk 01:30:36]} {[%emt
00:01:09]} Bd7 {[%clk 01:27:34]} {[%emt 00:05:04]} 7. Qb3 {[%clk 01:30:12]}
{[%emt 00:00:54]} e4 {[%clk 01:25:40]} {[%emt 00:02:24]} 8. Ng1 {[%clk
01:25:55]} {[%emt 00:04:47]} Rc8 {[%clk 01:10:38]} {[%emt 00:15:32]} 9. Nc3
{[%clk 01:15:52]} {[%emt 00:10:31]} d4 {[%clk 01:02:00]} {[%emt 00:09:10]} 10.
Nb5 {[%clk 01:11:28]} {[%emt 00:04:54]} Nf6 {[%clk 00:56:46]} {[%emt 00:05:44]}
11. Nh3 {[%clk 01:11:09]} {[%emt 00:00:48]} Na5 {[%clk 00:54:17]} {[%emt
00:02:59]} 12. Qa4 {[%clk 01:07:01]} {[%emt 00:04:38]} a6 {[%clk 00:47:52]}
{[%emt 00:06:57]} 13. Qxd4 {[%clk 01:05:21]} {[%emt 00:02:09]} Bxb5 {[%clk
00:47:01]} {[%emt 00:01:21]} 14. Qe5+ {[%clk 01:05:35]} {[%emt 00:00:16]} Qe7
{[%clk 00:46:49]} {[%emt 00:00:42]} 15. Qf4 {[%clk 01:03:26]} {[%emt 00:02:39]}
Qc7 {[%clk 00:46:17]} {[%emt 00:01:01]} 16. O-O {[%clk 01:02:53]} {[%emt
00:01:02]} Qxf4 {[%clk 00:43:12]} {[%emt 00:03:36]} 17. Nxf4 {[%clk 01:03:16]}
{[%emt 00:00:07]} Bd6 {[%clk 00:41:36]} {[%emt 00:02:07]} 18. d3 {[%clk
01:02:54]} {[%emt 00:00:51]} exd3 {[%clk 00:40:27]} {[%emt 00:01:39]} 19. Nxd3
{[%clk 01:02:35]} {[%emt 00:00:49]} O-O {[%clk 00:38:40]} {[%emt 00:02:18]} 20.
Rd1 {[%clk 01:00:38]} {[%emt 00:02:27]} Rfd8 {[%clk 00:37:05]} {[%emt
00:02:04]} 21. Bd2 {[%clk 01:00:27]} {[%emt 00:00:41]} Nc6 {[%clk 00:33:52]}
{[%emt 00:03:44]} 22. Bc3 {[%clk 00:59:18]} {[%emt 00:01:39]} Be7 {[%clk
00:30:33]} {[%emt 00:03:48]} 23. Rac1 {[%clk 00:54:22]} {[%emt 00:05:26]} Bxd3
{[%clk 00:28:58]} {[%emt 00:02:06]} 24. exd3 {[%clk 00:54:33]} {[%emt
00:00:18]} Nd5 {[%clk 00:27:44]} {[%emt 00:01:44]} 25. d4 {[%clk 00:53:07]}
{[%emt 00:01:56]} Bf6 {[%clk 00:24:29]} {[%emt 00:03:46]} 26. a3 {[%clk
00:51:08]} {[%emt 00:02:29]} h6 {[%clk 00:22:57]} {[%emt 00:02:02]} 27. h4
{[%clk 00:50:49]} {[%emt 00:00:49]} Nxd4 {[%clk 00:14:12]} {[%emt 00:09:15]}
28. Bxd4 {[%clk 00:46:08]} {[%emt 00:05:10]} Rxc1 {[%clk 00:14:25]} {[%emt
00:00:17]} 29. Rxc1 {[%clk 00:46:32]} {[%emt 00:00:07]} Bxd4 {[%clk 00:14:49]}
{[%emt 00:00:06]} 30. Rd1 {[%clk 00:46:17]} {[%emt 00:00:44]} Nf6 {[%clk
00:15:00]} {[%emt 00:00:19]} 31. Kf1 {[%clk 00:45:51]} {[%emt 00:00:56]} Rd7
{[%clk 00:13:31]} {[%emt 00:01:59]} 32. Bh3 {[%clk 00:45:23]} {[%emt 00:00:57]}
Rd8 {[%clk 00:13:00]} {[%emt 00:01:02]} 33. Bg2 {[%clk 00:44:33]} {[%emt
00:01:21]} b6 {[%clk 00:12:15]} {[%emt 00:01:15]} 34. Rd2 {[%clk 00:43:59]}
{[%emt 00:01:03]} Kf8 {[%clk 00:12:12]} {[%emt 00:00:34]} 35. Bc6 {[%clk
00:42:44]} {[%emt 00:01:44]} Ke7 {[%clk 00:11:59]} {[%emt 00:00:43]} 36. Re2+
{[%clk 00:42:52]} {[%emt 00:00:22]} Kd6 {[%clk 00:11:58]} {[%emt 00:00:32]} 37.
Bf3 {[%clk 00:42:38]} {[%emt 00:00:43]} a5 {[%clk 00:10:03]} {[%emt 00:02:25]}
38. Bg2 {[%clk 00:41:58]} {[%emt 00:01:09]} Bc5 {[%clk 00:08:49]} {[%emt
00:01:46]} 39. Rd2+ {[%clk 00:42:01]} {[%emt 00:00:27]} Kc7 {[%clk 00:09:12]}
{[%emt 00:00:07]} 40. Rc2 {[%clk 00:42:20]} {[%emt 00:00:11]} Kb8 {[%clk
00:09:23]} {[%emt 00:00:19]} 41. Ke2 {[%clk 00:42:11]} {[%emt 00:00:38]} Ng4
{[%clk 00:07:50]} {[%emt 00:02:02]} 0-1